[Event "Vaujany 2019 Accession"]
[Site "Vaujany"]
[Date "2019.07.11"]
[Round "1.1"]
[White "Dekker , Thiemen"]
[Black "Fahys, Bertrand"]
[Result "1/2-1/2"]
[WhiteElo "1569"]
[BlackElo "1888"]
[PlyCount "103"]
[EventDate "2019.07.??"]
[EventType "swiss"]
[EventRounds "9"]
[EventCountry "FRA"]

1. e4 c5 2. c3 d5 3. exd5 Qxd5 4. d4 Nc6 5. Nf3 Bg4 6. Be2 cxd4 7. cxd4 e6 8.
Be3 Nf6 9. Nc3 Bb4 10. O-O Qd6 11. h3 Bh5 12. Qc2 O-O 13. Rfd1 Rac8 14. a3 Bxc3
15. bxc3 Nd5 16. c4 Nf4 17. Bxf4 Qxf4 18. Qd3 Rfd8 19. Qe3 Qf6 20. Rac1 Re8 21.
g4 Bg6 22. Qg5 Qxg5 23. Nxg5 Rcd8 24. Nf3 Be4 25. Kf1 Ne7 26. Ng5 Bc6 27. Rd2
h6 28. Nf3 f6 29. Rcd1 Ba4 30. Rb1 b6 31. c5 bxc5 32. dxc5 Bc6 33. Rd6 Rxd6 34.
cxd6 Nc8 35. Nd4 Bd7 36. Rb7 Rd8 37. Ba6 Nxd6 38. Rxa7 e5 39. Ne2 Be6 40. Ng3
Rd7 41. Rxd7 Bxd7 42. Ke1 Kf7 43. Kd2 g6 44. Kd3 f5 45. gxf5 gxf5 46. h4 Kf6
47. Bc4 Bc6 48. Bb3 Bb5+ 49. Kd2 f4 50. Ne2 Nf5 51. Nc3 Bc6 52. Nd5+ 1/2-1/2

[Event "Vaujany 2019 Accession"]
[Site "Vaujany"]
[Date "2019.07.11"]
[Round "1.2"]
[White "Kezic, Andreas"]
[Black "Gaudissard, Dominique"]
[Result "1-0"]
[WhiteElo "1878"]
[BlackElo "1566"]
[PlyCount "83"]
[EventDate "2019.07.??"]
[EventType "swiss"]
[EventRounds "9"]
[EventCountry "FRA"]

1. e4 e5 2. Nf3 Nc6 3. Bc4 Bc5 4. d3 Nf6 5. O-O d6 6. c3 O-O 7. Re1 Bg4 8. Nbd2
a6 9. Bb3 Re8 10. Nf1 d5 11. exd5 Nxd5 12. Ng3 Ba7 13. h3 Bc8 14. Ng5 Re7 15.
Qf3 Be6 16. Nxe6 fxe6 17. Bg5 Nf6 18. Bxf6 gxf6 19. Qxf6 Rf7 20. Qxe6 Bxf2+ 21.
Kh2 Bxg3+ 22. Kxg3 Qxd3+ 23. Kh2 Raf8 24. Rf1 Nd8 25. Qxe5 Qd6 26. Qxd6 cxd6
27. Rf3 Kh8 28. Bxf7 Rxf7 29. Rxf7 Nxf7 30. Kg3 Kg7 31. Kf4 Kf6 32. Rd1 Ke6 33.
g4 h6 34. h4 d5 35. g5 hxg5+ 36. hxg5 Nd6 37. Re1+ Kf7 38. Ke5 Nc4+ 39. Kxd5
Nxb2 40. Rb1 Na4 41. Rxb7+ Kg6 42. Kd4 1-0

[Event "Vaujany 2019 Accession"]
[Site "Vaujany"]
[Date "2019.07.11"]
[Round "1.3"]
[White "Jean, Robert"]
[Black "Deneyer, Frank"]
[Result "0-1"]
[WhiteElo "1564"]
[BlackElo "1870"]
[PlyCount "78"]
[EventDate "2019.07.??"]
[EventType "swiss"]
[EventRounds "9"]
[EventCountry "FRA"]

1. c4 Nf6 2. g3 d5 3. cxd5 Qxd5 4. Nf3 c6 5. Nc3 Qh5 6. h3 e5 7. d3 Bb4 8. Bd2
Nbd7 9. Bg2 h6 10. Nh4 e4 11. dxe4 Ne5 12. a3 Bd6 13. f4 Nc4 14. e5 Nxe5 15.
fxe5 Bxe5 16. Kf2 g5 17. Nf3 Bc7 18. g4 Qg6 19. Re1 h5 20. Bxg5 hxg4 21. Bxf6
gxh3 22. Rg1 Qxf6 23. Bh1 Bf5 24. Qc1 Bb6+ 25. Kf1 Bxg1 26. Nxg1 O-O-O 27. Nf3
Bg4 28. Qg5 Qxg5 29. Nxg5 Rhg8 30. Nxf7 Rdf8 (30... Rgf8 31. Ne4 Rxf7+ 32. Ke1
Re7 33. Rd1) 31. Ne4 Rxf7+ 32. Ke1 Re7 33. Rd1 Kc7 34. Rd2 Rd8 35. e3 Rxd2 36.
Kxd2 Rd7+ 37. Kc3 Rd1 38. Nf2 Rxh1 39. Nxh1 Bf3 0-1

[Event "Vaujany 2019 Accession"]
[Site "Vaujany"]
[Date "2019.07.11"]
[Round "1.4"]
[White "Bosc, Gabriel"]
[Black "Masalles, Roland"]
[Result "1-0"]
[WhiteElo "1861"]
[BlackElo "1562"]
[PlyCount "39"]
[EventDate "2019.07.??"]
[EventType "swiss"]
[EventRounds "9"]
[EventCountry "FRA"]

1. f4 e6 2. b3 Qf6 3. d4 Bb4+ 4. Bd2 Nc6 5. Nf3 Qxf4 6. c3 Bxc3 7. Nxc3 Qf5 8.
e4 Qa5 9. Nd5 Qa3 10. Nxc7+ Kd8 11. Nxa8 Qd6 12. Bc4 Qb8 13. Nb6 axb6 14. O-O
Nf6 15. Bg5 h6 16. Bh4 g5 17. Bg3 Qa7 18. Ne5 Ke7 19. Nxc6+ bxc6 20. Rxf6 1-0

[Event "Vaujany 2019 Accession"]
[Site "Vaujany"]
[Date "2019.07.11"]
[Round "1.5"]
[White "Hountondji"]
[Black "Sesia, Noah"]
[Result "0-1"]
[WhiteElo "1554"]
[BlackElo "1852"]
[PlyCount "50"]
[EventDate "2019.07.??"]
[EventType "swiss"]
[EventRounds "9"]
[EventCountry "FRA"]

1. d4 d5 2. Nc3 e6 3. Bf4 c6 4. e3 Nf6 5. Bd3 Be7 6. Nf3 Nbd7 7. O-O O-O 8. Ne5
a6 9. Qf3 c5 10. Nxd7 Bxd7 11. dxc5 Bxc5 12. e4 dxe4 13. Nxe4 Bc6 14. Bg5 Be7
15. Bxf6 gxf6 16. Qh5 f5 17. Rad1 Qd5 18. c4 Qe5 19. Ng3 Qg7 20. Rfe1 f4 21.
Ne4 f5 22. Qh3 fxe4 23. Qxe6+ Kh8 24. Bxe4 Bb4 25. Rf1 Rae8 0-1

[Event "Vaujany 2019 Accession"]
[Site "Vaujany"]
[Date "2019.07.11"]
[Round "1.6"]
[White "Hodot, Yves"]
[Black "Prieur Drevon, Gabin"]
[Result "1-0"]
[WhiteElo "1850"]
[BlackElo "1548"]
[PlyCount "57"]
[EventDate "2019.07.??"]
[EventType "swiss"]
[EventRounds "9"]
[EventCountry "FRA"]

1. e4 e5 2. Nf3 Nc6 3. Bc4 Nf6 4. Qe2 Bc5 5. c3 d6 6. d3 O-O 7. Bg5 Be6 8. Nbd2
a6 9. O-O b5 10. Bd5 Bd7 11. d4 exd4 12. Bxc6 Bxc6 13. cxd4 Bb6 14. Rfc1 Bb7
15. a4 bxa4 16. e5 Qe8 17. Re1 Nd5 18. Ne4 dxe5 19. dxe5 Qb5 20. Qd1 Nb4 21.
Nfd2 Nd3 22. Qg4 Nxe5 23. Nf6+ Kh8 24. Qh4 Qd3 25. Re4 Bxe4 26. Ndxe4 gxf6 27.
Bxf6+ Kg8 28. Qh6 Bxf2+ 29. Kh1 1-0

[Event "Vaujany 2019 Accession"]
[Site "Vaujany"]
[Date "2019.07.11"]
[Round "1.7"]
[White "Heckly, Jean Louis"]
[Black "David, Pierre Yves"]
[Result "0-1"]
[WhiteElo "1525"]
[BlackElo "1795"]
[PlyCount "56"]
[EventDate "2019.07.??"]
[EventType "swiss"]
[EventRounds "9"]
[EventCountry "FRA"]

1. e4 d5 2. exd5 Nf6 3. d4 Bg4 4. Nf3 Qxd5 5. Be2 Nc6 6. c4 Qd7 7. d5 Bxf3 8.
Bxf3 Ne5 9. Be2 e6 10. f4 Ng6 11. O-O Bc5+ 12. Kh1 exd5 13. cxd5 O-O 14. Nc3 a6
15. Bd3 Rad8 16. Qf3 Rfe8 17. Ne4 Nxe4 18. Bxe4 Nh4 19. Bxh7+ Kxh7 20. Qh5+ Kg8
21. Qxh4 Qxd5 22. Qg4 Qd3 23. Bd2 Qxd2 24. Rad1 Qe3 25. f5 Rxd1 26. Qxd1 Qe2
27. Qc1 Bf2 28. f6 Qxf1+ 0-1

[Event "Vaujany 2019 Accession"]
[Site "Vaujany"]
[Date "2019.07.11"]
[Round "1.8"]
[White "Van Foreest, Nanne"]
[Black "Gaudin, Bruno"]
[Result "1-0"]
[WhiteElo "1788"]
[BlackElo "1620"]
[PlyCount "105"]
[EventDate "2019.07.??"]
[EventType "swiss"]
[EventRounds "9"]
[EventCountry "FRA"]

1. e4 d6 2. d4 Nf6 3. Nc3 e5 4. dxe5 dxe5 5. Qxd8+ Kxd8 6. Be3 Bd6 7. Bc4 Be6
8. Bxe6 fxe6 9. O-O-O Ke7 10. Nf3 a6 11. Rd2 h6 12. h3 Nc6 13. g4 g5 14. a3
Rhf8 15. Ne1 b5 16. Nd3 b4 17. axb4 Nxb4 18. Nxb4 Bxb4 19. Rhd1 Rad8 20. Rxd8
Rxd8 21. Rxd8 Kxd8 22. f3 Nd7 23. Na4 Kc8 24. c3 Be7 25. Kd2 Kb7 26. Kd3 Nb6
27. Bc5 Bd6 (27... Nxa4 28. Bxe7 Nxb2+) 28. Nxb6 Bxc5 29. Na4 Bf2 30. Kc4 Kc6
31. b4 Be3 32. Nb2 Ba7 33. Nd3 Kd6 34. b5 axb5+ 35. Kxb5 Be3 36. Nb4 c5 37. Nc6
Bf2 38. c4 Be3 39. Nd8 Ke7 40. Nb7 Kd7 41. Nxc5+ Kd6 42. Na6 Kd7 43. c5 Kc8 44.
Kc6 Bd2 45. Kd6 Be3 46. c6 Bd4 47. Kxe6 Be3 48. c7 Bd4 49. Kd6 Be3 50. Kc6 Bd4
51. Nc5 Bxc5 52. Kxc5 Kxc7 53. Kd5 1-0

[Event "Vaujany 2019 Accession"]
[Site "Vaujany"]
[Date "2019.07.11"]
[Round "1.9"]
[White "Dreelinck, Jacob"]
[Black "Phelan, Leo"]
[Result "1-0"]
[WhiteElo "1508"]
[BlackElo "1780"]
[PlyCount "33"]
[EventDate "2019.07.??"]
[EventType "swiss"]
[EventRounds "9"]
[EventCountry "FRA"]

1. e4 c5 2. Nf3 d6 3. d4 cxd4 4. Nxd4 Nf6 5. Nc3 a6 6. f4 e5 7. Nf3 Nbd7 8. Bc4
Qc7 9. Bb3 Be7 10. f5 O-O 11. Bg5 Rd8 12. Nd5 Nxd5 13. Qxd5 Bxg5 14. Qxf7+ Kh8
15. Nxg5 Qa5+ 16. c3 Nf6 17. Qg8+ 1-0

[Event "Vaujany 2019 Accession"]
[Site "Vaujany"]
[Date "2019.07.11"]
[Round "1.10"]
[White "Prudent, Sylvio"]
[Black "Pitaval, Lubin"]
[Result "1-0"]
[WhiteElo "1778"]
[BlackElo "1507"]
[PlyCount "47"]
[EventDate "2019.07.??"]
[EventType "swiss"]
[EventRounds "9"]
[EventCountry "FRA"]

1. Nf3 Nf6 2. d4 e6 3. c4 d5 4. Nc3 c6 5. cxd5 (5. Bg5) (5. e3) 5... exd5 6.
Bg5 Be7 7. e3 (7. Qc2) 7... Bf5 8. Bd3 Bxd3 9. Qxd3 Nbd7 10. O-O O-O 11. Qf5 (
11. Rab1 a5 12. a3 Re8 13. b4) 11... h6 (11... Re8) 12. Bf4 Ne8 13. Ne2 Nd6 14.
Qh3 Nf6 15. Ng3 Nde4 16. Nf5 h5 17. Ng5 Nxg5 18. Bxg5 g6 19. Nxe7+ Qxe7 20. Qf3
Kg7 21. Qf4 Rh8 22. Rfe1 Qe6 23. Qc7 Qc8 24. Bxf6+ 1-0

[Event "Vaujany 2019 Accession"]
[Site "Vaujany"]
[Date "2019.07.12"]
[Round "2.1"]
[White "Corfield, Zoé"]
[Black "Kezic, Andreas"]
[Result "0-1"]
[WhiteElo "1682"]
[BlackElo "1878"]
[PlyCount "68"]
[EventDate "2019.07.??"]
[EventType "swiss"]
[EventRounds "9"]
[EventCountry "FRA"]

1. e4 e5 2. Nf3 Nc6 3. Nc3 Bc5 4. Nxe5 Nxe5 5. d4 Bd6 6. dxe5 Bxe5 7. Bc4 Bxc3+
8. bxc3 Ne7 9. O-O O-O 10. Be3 Ng6 11. Re1 d6 12. Qd2 Ne5 13. Be2 Be6 14. Qc1
Qh4 15. f3 h6 16. Bf2 Qe7 17. Qb2 b6 18. Qb4 Qg5 19. Bg3 Nc6 20. Qa4 Qe3+ 21.
Bf2 Qxc3 22. Bb5 Bd7 23. Rad1 a6 24. Qc4 Qxc4 25. Bxc4 Be6 26. Bb3 Nb4 27. a4
Nc6 28. Rb1 Rfe8 29. Re3 Na5 30. Be1 Nb7 31. c4 Nc5 32. Ba2 Nxa4 33. f4 Nc5 34.
f5 Bxf5 0-1

[Event "Vaujany 2019 Accession"]
[Site "Vaujany"]
[Date "2019.07.12"]
[Round "2.2"]
[White "Deneyer, Frank"]
[Black "Farkas, Otto"]
[Result "1-0"]
[WhiteElo "1870"]
[BlackElo "1674"]
[PlyCount "70"]
[EventDate "2019.07.??"]
[EventType "swiss"]
[EventRounds "9"]
[EventCountry "FRA"]

1. f4 d5 2. Nf3 g6 3. c4 d4 4. e4 dxe3 5. d4 Bg7 6. Bxe3 Nh6 7. Nc3 Bg4 8. d5
Nd7 9. Bd3 O-O 10. h3 Bxf3 11. Qxf3 f5 12. O-O Nf7 13. Rfe1 Re8 14. Bf2 Bf6 15.
Re2 Nb8 16. Rae1 b6 17. g4 fxg4 18. hxg4 h6 19. Ne4 Qd7 20. Nxf6+ exf6 21. Re6
Kg7 22. Qe4 Nd6 23. Re7+ Rxe7 24. Qxe7+ Nf7 25. Qxd7 Nxd7 26. b4 g5 27. Re7 Rd8
28. Bf5 Nf8 29. fxg5 fxg5 30. Be6 Nxe6 31. dxe6 Kg6 32. exf7 Rf8 33. Rxc7 Rxf7
34. Rxf7 Kxf7 35. b5 Ke6 1-0

[Event "Vaujany 2019 Accession"]
[Site "Vaujany"]
[Date "2019.07.12"]
[Round "2.3"]
[White "Dreelinck, Jacob"]
[Black "Bosc, Gabriel"]
[Result "0-1"]
[WhiteElo "1669"]
[BlackElo "1863"]
[PlyCount "94"]
[EventDate "2019.07.??"]
[EventType "swiss"]
[EventRounds "9"]
[EventCountry "FRA"]

1. d4 Nf6 2. Bg5 d5 3. Bxf6 exf6 4. e3 Bd6 5. c4 dxc4 6. Bxc4 O-O 7. Nc3 c6 8.
Nf3 Be6 9. Bxe6 fxe6 10. Qb3 Qe7 11. O-O Na6 12. Ne4 Bc7 13. Nc5 Nxc5 14. dxc5
Kh8 15. Nd4 Rfe8 16. Qc2 Rad8 17. Rfd1 Rd5 18. b4 Be5 19. Rd2 Bxd4 20. Rxd4
Rxd4 21. exd4 Qd7 22. Rd1 Qd5 23. Qb3 Qe4 24. Qd3 Qd5 25. Qb3 Rd8 26. Qxd5 Rxd5
27. Kf1 e5 28. Ke2 exd4 29. Kd3 Kg8 30. Kc4 Kf7 31. Rxd4 Rxd4+ 32. Kxd4 Ke6 33.
a3 Kf5 34. a4 a6 35. Ke3 Ke5 36. f3 Kd5 37. Kd3 a5 38. bxa5 Kxc5 39. Kc3 Kd5
40. Kb4 c5+ 41. Kb5 c4 42. Kb6 c3 43. Kxb7 c2 44. a6 c1=Q 45. a7 Qc6+ 46. Kb8
Qb6+ 47. Ka8 Kc6 0-1

[Event "Vaujany 2019 Accession"]
[Site "Vaujany"]
[Date "2019.07.12"]
[Round "2.4"]
[White "Sesia, Noah"]
[Black "Breuil, Tristan"]
[Result "0-1"]
[WhiteElo "1852"]
[BlackElo "1650"]
[PlyCount "122"]
[EventDate "2019.07.??"]
[EventType "swiss"]
[EventRounds "9"]
[EventCountry "FRA"]

1. d4 Nf6 2. Bf4 e6 3. e3 d5 4. Nd2 c5 5. c3 Nc6 6. Ngf3 a6 7. Bd3 h6 8. h3 Nh5
9. Bh2 f5 10. Ne5 Nxe5 11. dxe5 g6 12. Be2 Ng7 13. Qc2 c4 14. Nf3 Kf7 15. Nd4
Ne8 16. Rd1 Bd7 17. g4 Nc7 18. Bg3 h5 19. f3 Nb5 20. gxf5 gxf5 21. f4 Nxd4 22.
exd4 Qa5 23. Ra1 Be7 24. Rg1 Rag8 25. Kf2 Qd8 26. Qd2 Bh4 27. Qe3 Bxg3+ 28.
Rxg3 Qh4 29. Rag1 Ba4 30. Kf1 Bc2 31. Rxg8 Rxg8 32. Rxg8 Kxg8 33. Qf3 Bd3 34.
Bxd3 cxd3 35. Qxd3 Qxf4+ 36. Kg2 Kf7 37. Qg3 Qd2+ 38. Qf2 Qc1 39. h4 Qd1 40.
Qg3 Qg4 41. Kh2 b5 42. a3 f4 43. Qf2 f3 44. Kh1 Kg6 45. Qc2+ Qe4 46. Qf2 Kf5
47. b3 Qe2 48. Kg1 Qxf2+ 49. Kxf2 Ke4 50. b4 Kd3 51. Kxf3 Kxc3 52. Ke3 Kc4 53.
Kf3 Kxd4 54. Kf4 Kc3 55. Kg5 d4 56. Kf6 d3 57. Kxe6 d2 58. Kf7 d1=Q 59. e6 Qf3+
60. Ke8 Qf6 61. Kd7 Qxh4 0-1

[Event "Vaujany 2019 Accession"]
[Site "Vaujany"]
[Date "2019.07.12"]
[Round "2.5"]
[White "Trevisiol, Thierry"]
[Black "Hodot, Yves"]
[Result "0-1"]
[WhiteElo "1660"]
[BlackElo "1850"]
[PlyCount "105"]
[EventDate "2019.07.??"]
[EventType "swiss"]
[EventRounds "9"]
[EventCountry "FRA"]

1. b4 e5 2. Bb2 f6 3. a3 d5 4. e3 a5 5. b5 Nd7 6. c4 c6 7. Qc2 Nb6 8. c5 Nc4 9.
Bxc4 dxc4 10. bxc6 bxc6 11. Qxc4 Qe7 12. d4 Ba6 13. Qc2 Rb8 14. Ne2 Qb7 15. Bc1
Nh6 16. Nbc3 Qb3 17. Qxb3 Rxb3 18. Kd1 Bd3 19. Bd2 Bg6 20. Nc1 Rb7 21. f3 Be7
22. Ne4 O-O 23. Bxa5 Nf5 24. Nd6 Bxd6 25. cxd6 Nxe3+ 26. Ke2 exd4 27. Nd3 Re8
28. Kf2 Bxd3 29. Bb4 Nf5 30. Rhe1 Rd8 31. Rad1 Ba6 32. g4 Nxd6 33. Rxd4 Rbd7
34. Red1 Ne4+ 35. Ke3 Rxd4 36. Rxd4 Rxd4 37. Kxd4 Ng5 38. a4 Ne6+ (38... Nxf3+
39. Kc5 Nxh2 40. Kxc6 Nxg4 41. Kb6 Be2) 39. Ke4 Kf7 40. f4 c5 41. Ba3 Bb7+ 42.
Ke3 c4 43. f5 Nd8 44. Kd4 Bf3 45. Kxc4 Bxg4 46. Kc5 Bxf5 47. Kb6 Be4 48. a5 Ke6
49. Kc7 Nf7 50. a6 Ne5 51. a7 g5 52. Bc5 f5 53. h3 0-1

[Event "Vaujany 2019 Accession"]
[Site "Vaujany"]
[Date "2019.07.12"]
[Round "2.6"]
[White "David, Pierre Yves"]
[Black "Masalles, Gabriel"]
[Result "0-1"]
[WhiteElo "1795"]
[BlackElo "1597"]
[PlyCount "72"]
[EventDate "2019.07.??"]
[EventType "swiss"]
[EventRounds "9"]
[EventCountry "FRA"]

1. e4 Nc6 2. Nf3 Nf6 3. Nc3 d5 4. e5 Ne4 5. d4 Bg4 6. Be2 e6 7. a3 Nxc3 8. bxc3
Na5 9. Bg5 Be7 10. Bxe7 Qxe7 11. Qb1 b6 12. Qb4 Qd7 13. O-O Bxf3 14. Bxf3 Rc8
15. Be2 c5 16. Qb1 O-O 17. f4 cxd4 18. cxd4 Qc6 19. Bd3 Nc4 20. Qc1 f6 21. Rf3
fxe5 22. dxe5 d4 23. Qe1 Ne3 24. Qh4 g6 25. Qg5 Rc7 26. h4 Rcf7 27. h5 Rxf4 28.
Rg3 (28. Bxg6 hxg6 (28... Rxf3 29. Be4+ Kh8 30. Bxc6) 29. Qxg6+ Kh8 30. Qh6+
Kg8 31. Rg3+ Kf7 32. Qxf4+ Ke7 33. Rg7+) 28... R4f5 29. Bxf5 Nxf5 30. Rf3 Qc5
31. Raf1 $2 (31. hxg6 d3+ 32. Kh1 Qxe5 33. gxh7+ Kh8 (33... Kxh7 34. Rh3+))
31... d3+ 32. Kh2 Qxe5+ 33. Qf4 Qxf4+ 34. Rxf4 dxc2 35. Rc4 Rd8 36. Re1 Rd1 0-1

[Event "Vaujany 2019 Accession"]
[Site "Vaujany"]
[Date "2019.07.12"]
[Round "2.7"]
[White "milojevic-daim, lola"]
[Black "van foreest, nanne"]
[Result "1/2-1/2"]
[WhiteElo "1642"]
[BlackElo "1788"]
[PlyCount "147"]
[EventDate "2019.07.??"]
[EventType "swiss"]
[EventRounds "9"]
[EventCountry "FRA"]

1. e4 e5 2. Nf3 Nc6 3. d4 exd4 4. Nxd4 Nf6 5. Nxc6 bxc6 6. e5 Qe7 7. Qe2 Nd5 8.
c4 Ba6 9. Nd2 g6 10. Nf3 (10. b3) (10. Qe4) 10... Qb4+ 11. Kd1 Bg7 (11... Nb6)
(11... Rb8) 12. a3 $146 (12. Qd2 $142 Qxd2+ 13. Bxd2 Nb6 14. Rc1) (12. Qc2 Nb6
13. b3 O-O 14. Bb2 d5 15. cxd5 Bxf1 16. Rxf1 Rfd8 17. Ke2 Nxd5 18. Rfd1 Nf4+
19. Kf1 Nxg2 20. Nd4 c5 21. a3 Qb7 22. Qxc5 Nf4 23. Qc6 Qc8 24. Qf3 Bxe5 25.
Nc6 Qa6+ 26. Kg1 Rxd1+ 27. Rxd1 Bxb2 28. Ne7+ Kf8 29. Qxa8+ Kxe7 30. Qd8+ Ke6
31. Qe8+ Kf6 32. Qh8+ Kf5 33. Qxb2 Qc6 34. Qb1+ Kg5 35. h4+ Kxh4 36. f3 Qc5+
37. Kf1 Qb5+ {0-1 (37) Nestorovic,N (2464)-Blagojevic,D (2524) Skopje 2011})
12... Qe7 13. Bg5 f6 14. exf6 Qxe2+ 15. Bxe2 Nxf6 16. Bxf6 Bxf6 17. Kc2 Rb8 18.
Rab1 O-O 19. b3 d5 20. Rhe1 Rfe8 21. Bd3 Rxe1 22. Rxe1 dxc4 23. Bxc4+ Bxc4 24.
bxc4 Rb2+ 25. Kd1 Kf7 (25... Rxf2) 26. Re2 Rb3 27. Re3 Rb1+ 28. Ke2 Rb2+ 29.
Kf1 Rc2 30. Rd3 Ke8 31. Rb3 Rxc4 32. Rb7 Ra4 33. Rxc7 Rxa3 34. Rxc6 Ra1+ 35.
Ke2 Be7 36. Ne5 Bb4 37. Kf3 a5 38. Ra6 Bc3 39. Nc4 Ra4 40. Ra8+ Ke7 41. Ra7+
Kf6 42. Nb6 Bd4 43. Nxa4 Bxa7 44. Ke4 Bxf2 45. Kf4 g5+ 46. Ke4 h5 47. h3 h4 48.
Nc3 Kg6 49. Na4 Kh5 50. Nc3 g4 51. Na4 gxh3 52. gxh3 Kg5 53. Ke5 Bg3+ 54. Ke4
Kf6 55. Nc5 Bf2 56. Nd3 Bg1 57. Nb2 Ke6 58. Nc4 a4 59. Na3 Kd6 60. Nb5+ Kc5 61.
Nc3 a3 62. Kd3 Kb4 63. Kc2 Kc4 64. Na2 Bd4 65. Nc1 Be5 66. Kb1 Kc3 67. Ka2 Bd6
68. Ne2+ Kd2 69. Nd4 Ke1 70. Nf5 Kf2 71. Nxd6 Kg3 72. Nf5+ Kxh3 73. Nxh4 Kxh4
74. Kxa3 1/2-1/2

[Event "Vaujany 2019 Accession"]
[Site "Vaujany"]
[Date "2019.07.12"]
[Round "2.9"]
[White "Bartels, Marco"]
[Black "Lorenter, Patrick"]
[Result "1-0"]
[WhiteElo "1755"]
[BlackElo "1582"]
[PlyCount "35"]
[EventDate "2019.07.??"]
[EventType "swiss"]
[EventRounds "9"]
[EventCountry "FRA"]

1. Nc3 e5 2. Nf3 d6 3. d4 exd4 4. Nxd4 Nf6 5. Bg5 Be7 6. e3 Nd5 7. Bxe7 Nxe7 8.
Bd3 Nd7 9. f4 Nc5 10. Bc4 d5 11. Qh5 c6 (11... dxc4 12. Qxc5) 12. e4 Ne6 13.
Nxe6 Bxe6 14. O-O-O Qa5 15. exd5 Nxd5 16. Nxd5 cxd5 17. Bxd5 Rd8 $4 18. Bc6+
1-0

[Event "Vaujany 2019 Accession"]
[Site "Vaujany"]
[Date "2019.07.12"]
[Round "2.10"]
[White "Dreelinck, Jacob"]
[Black "Van Foreest, Pieter"]
[Result "1-0"]
[WhiteElo "1508"]
[BlackElo "1754"]
[PlyCount "45"]
[EventDate "2019.07.??"]
[EventType "swiss"]
[EventRounds "9"]
[EventCountry "FRA"]

1. e4 e5 2. f4 exf4 3. Nc3 Qh4+ 4. Ke2 b6 5. Nf3 Qh5 6. d4 Bb4 7. Nd5 Bd6 8. e5
Qf5 9. Kf2 Nh6 10. Bd3 Ng4+ 11. Kg1 Qe6 12. Nxf4 Qe7 13. exd6 Qxd6 14. Qe2+ Kd8
15. Qe1 Nc6 16. Qh4+ Nf6 17. Be3 Re8 18. Re1 h6 19. Nh5 g5 20. Nxg5 hxg5 21.
Qxg5 Re6 22. Nxf6 Rxf6 23. Qg8+ 1-0

[Event "Vaujany 2019 Accession"]
[Site "Vaujany"]
[Date "2019.07.12"]
[Round "2.11"]
[White "Hebrard, Emmanuel"]
[Black "Mercier, Pierre"]
[Result "1-0"]
[WhiteElo "1745"]
[BlackElo "1432"]
[PlyCount "48"]
[EventDate "2019.07.??"]
[EventType "swiss"]
[EventRounds "9"]
[EventCountry "FRA"]

1. d4 d5 2. c4 e6 3. Nc3 Nf6 4. Bg5 Be7 5. Nf3 Nbd7 6. e3 O-O 7. Be2 b6 8. Bxf6
Nxf6 9. O-O Bb7 10. Ne5 c5 11. Rc1 Rc8 12. f4 Ne4 13. Nxe4 dxe4 14. Bg4 Qd6 15.
dxc5 Qxd1 16. Rfxd1 Bxc5 17. Kf2 Rfd8 18. a3 Be7 19. h3 g6 20. Rc2 h5 21. Be2
Kg7 22. Rcd2 f6 23. Rd7 Re8 24. Nxg6 Kxg6 1-0

[Event "Vaujany 2019 Accession"]
[Site "Vaujany"]
[Date "2019.07.12"]
[Round "2.18"]
[White "Lees, Jean Pierre"]
[Black "Huchler, S."]
[Result "1-0"]
[WhiteElo "1710"]
[BlackElo "1473"]
[PlyCount "83"]
[EventDate "2019.07.??"]
[EventType "swiss"]
[EventRounds "9"]
[EventCountry "FRA"]

1. d4 Nf6 2. c4 g6 3. Nc3 d5 4. Bf4 a6 5. cxd5 Nxd5 6. Nxd5 Qxd5 7. Bxc7 Bg7 8.
e3 O-O (8... Nc6) 9. Nf3 Bg4 (9... Nc6) 10. Be2 Nc6 11. h3 (11. O-O Rac8 12.
Bg3 Rfd8 13. a3) 11... Bf5 12. a3 Rac8 13. Bg3 Rfe8 (13... Na5) 14. O-O Be4 15.
Bd3 e5 16. Bxe4 Qxe4 17. Nxe5 Nxe5 18. Bxe5 Bxe5 19. dxe5 Qxe5 20. Qb3 Qe4 21.
Rfd1 b5 22. a4 Qf5 23. axb5 axb5 24. Rd5 Qe6 25. Rxb5 Qe4 26. Rb7 Rf8 27. Rd1
Qf5 28. Qd5 Qc2 29. Qd3 Qa4 30. Qd4 Qc2 31. Rd7 Qe2 32. Qd2 Qb5 33. b4 h6 34.
Rb1 Rb8 35. Rd5 Qa4 36. b5 Rfc8 37. b6 Rc7 38. Rd8+ Rxd8 39. Qxd8+ Kh7 40. Qf6
Qa2 41. Rd1 Rc2 42. Rd8 1-0

[Event "Vaujany 2019 Accession"]
[Site "Vaujany"]
[Date "2019.07.13"]
[Round "3.1"]
[White "Kezic, Andreas"]
[Black "Hebrard, Emmanuel"]
[Result "1-0"]
[WhiteElo "1878"]
[BlackElo "1745"]
[PlyCount "101"]
[EventDate "2019.07.??"]
[EventType "swiss"]
[EventRounds "9"]
[EventCountry "FRA"]

1. e4 e6 2. d4 d5 3. Nc3 Bb4 4. e5 c5 5. a3 Bxc3+ 6. bxc3 Nc6 7. Nf3 Nge7 8.
Bd3 c4 9. Be2 Qa5 10. Bd2 Bd7 11. O-O O-O-O 12. Ra2 Rdg8 13. Bg5 h6 14. Bxe7
Nxe7 15. Qd2 g5 16. Rb1 Qd8 17. a4 Bc6 18. a5 a6 19. Qc1 Nf5 20. Qa3 Qe7 21.
Qc5 g4 22. Qxe7 Nxe7 23. Nh4 Ng6 24. Nxg6 Rxg6 25. f3 gxf3 26. Bxf3 Kd7 27. Bh5
Rg5 28. g4 Ke7 29. Rf1 Rg7 30. Rf6 Rgh7 31. Kf2 Rb8 32. Ra1 b6 33. Rb1 Bb5 34.
axb6 Rxb6 35. Ke3 a5 36. Rff1 Kd7 37. Bxf7 Kc7 38. Bxe6 Bc6 39. Rxb6 Kxb6 40.
Bf5 Re7 41. Kf4 a4 42. e6 Re8 43. Ke5 Rf8 44. e7 Ra8 45. Bg6 a3 46. Bf7 a2 47.
Ra1 Kb5 48. Bxd5 Kb6 49. Bxc6 Kxc6 50. Ke6 Kc7 51. Rxa2 1-0

[Event "Vaujany 2019 Accession"]
[Site "Vaujany"]
[Date "2019.07.13"]
[Round "3.4"]
[White "Hodot, Yves"]
[Black "Dreelinck, Jacob"]
[Result "1-0"]
[WhiteElo "1850"]
[BlackElo "1508"]
[PlyCount "111"]
[EventDate "2019.07.??"]
[EventType "swiss"]
[EventRounds "9"]
[EventCountry "FRA"]

1. e4 c5 2. b4 cxb4 3. c4 e5 4. Bb2 Nc6 5. Nf3 Bd6 6. Qc2 Nge7 7. d4 exd4 8.
Bd3 Be5 9. Nxe5 Nxe5 10. a3 N7c6 11. h3 bxa3 12. Bxa3 Qa5+ 13. Ke2 Nb4 14. Bxb4
Qxb4 15. Na3 Qc5 16. f4 Nxd3 17. Kxd3 d6 18. Rhb1 f5 19. Re1 O-O 20. e5 Re8 21.
Qa4 Be6 22. Nb5 Bd7 23. exd6 Rxe1 24. Rxe1 Bc6 25. Re5 Be4+ 26. Kd2 Qc6 27. c5
Bd5 28. Qxd4 Bf7 29. Nc7 Rd8 30. Nd5 Bxd5 31. Qxd5+ Qxd5+ 32. Rxd5 g6 33. Kc3
Kf7 34. Kc4 Rd7 35. Rd2 Ke8 36. Kd5 Kd8 37. Re2 Rf7 38. Ra2 a6 39. Ke6 Ke8 40.
c6 Kd8 41. cxb7 Rxb7 42. Rxa6 Rb8 43. Ra7 g5 44. Rxh7 Kc8 45. Rh8+ Kb7 46.
Rxb8+ Kxb8 47. fxg5 Kc8 48. Kxf5 Kd7 49. Ke5 Kd8 50. Ke6 Ke8 51. g6 Kf8 52. d7
Kg7 53. Kf5 Kh6 54. d8=R Kg7 55. Rd7+ Kf8 56. Kf6 1-0

[Event "Vaujany 2019 Accession"]
[Site "Vaujany"]
[Date "2019.07.13"]
[Round "3.5"]
[White "Masalles, Gabriel"]
[Black "Bartels, Marco"]
[Result "1-0"]
[WhiteElo "1597"]
[BlackElo "1755"]
[PlyCount "37"]
[EventDate "2019.07.??"]
[EventType "swiss"]
[EventRounds "9"]
[EventCountry "FRA"]

1. e4 Nc6 2. d4 e5 3. Nf3 exd4 4. Bc4 Bc5 5. c3 d6 6. cxd4 Bb6 7. Be3 Bg4 8.
Bxf7+ Kxf7 9. Ng5+ Qxg5 10. Qb3+ Be6 11. d5 Qxg2 12. dxe6+ Ke7 13. Rf1 Qxe4 14.
Nc3 Qxe6 15. Nd5+ Kd7 16. O-O-O Nf6 17. Rfe1 Nxd5 18. Bg5 Qg6 19. Qh3+ 1-0